[Event "Athens Acropolis"]
[Site "Athens"]
[Date "2003.08.29"]
[Round "5"]
[White "Atalik, Suat"]
[Black "Kotronias, Vasilios"]
[Result "1/2-1/2"]
[WhiteElo "2599"]
[BlackElo "2602"]
[Annotator "Atalik,S"]
[PlyCount "68"]
[EventDate "2003.08.25"]
[EventType "tourn"]
[EventRounds "9"]
[EventCountry "GRE"]
[EventCategory "12"]
[SourceTitle "CBM 097"]
[Source "ChessBase"]
[SourceDate "2003.11.11"]
[SourceVersion "1"]
[SourceVersionDate "2003.11.11"]
[SourceQuality "1"]

1. d4 {Dautov} Nf6 2. c4 e6 {Surprise, the Cypriot does not go for his Kings
Indian. Anyway I was not prepared for the game, he can do whatever he likes,
important is to catch this guy in the later stages of the game.} 3. Nf3 d5 4.
Nc3 Be7 5. Bf4 {I have always some doubts about this system. In spite of the
fact that white risks little he also gets little.} O-O 6. e3 c5 7. dxc5 Bxc5 8.
cxd5 Nxd5 9. Nxd5 exd5 10. a3 Nc6 11. Bd3 Bb6 {All theory, he has to
indirectly protect h7 .} 12. O-O d4 {The modern approach.} 13. Qc2 {Dreev's
move. It has become very popular recently.} ({The reason for that lies in
white is not getting type of play he aims for after} 13. e4 Bg4 14. h3 Bh5 (
14... Qf6 15. hxg4 (15. Bh2 Bxf3 16. Qxf3 Qxf3 17. gxf3 Na5 $1 $132) 15... Qxf4
16. Nh2 $13) 15. g4 Bg6 16. Nd2 f6 17. Nc4 Bc7 18. Bxc7 Qxc7 19. f4 $13) 13...
h6 {He played this very quick like a knee jerk.} ({After} 13... dxe3 $2 14.
Bxh7+ Kh8 15. fxe3 g6 16. Ng5 Bf5 17. Qf2 $40) 14. e4 Qf6 $1 $146 {He comes up
with a great novelty. I think this is the best move order for black.  Dautov:
'Eine sehr natürlich aussehende Neuerung. Bisher hat Schwarz meistens 14...Bg4
fortgesetzt und blieb nach 15.Ne5 leicht unter Druck. Der Textzug verhindert
radikal den Springerabtausch.'} ({He does not allow} 14... Bg4 15. Ne5 Nxe5 (
15... Qf6 $2 16. Nxc6 Qxf4 17. Ne7+ Kh8 18. Nd5 $16) 16. Bxe5 $14 Rc8 {Dautov}
(16... Re8 {Dautov} 17. Bg3 {Ftacnik: 'It is not easy to grasp, how white can
possibly play for an advantage in this position. Dreev knows this system
intimately and black has to play well.'} Rc8 18. Qd2 Ba5 19. Qf4 Qg5 20. h4
Qxf4 21. Bxf4 $11 {Dreev,A-Illescas Cordoba,M/Dos Hermanas 2003}) (16... Rc8
17. Qd2 Be6 18. Rac1 Qd7 19. h3 Rxc1 20. Rxc1 Rc8 21. Rxc8+ Qxc8 22. Qf4 Qd8
23. Bd6 Qg5 24. Qxg5 hxg5 25. e5 f5 $14 {Dreev,A-Onischuk,A/Cap d'Agde 2002})
17. Qd2 Be6 18. Rac1 Qd7 19. h3 Rxc1 20. Rxc1 Rc8 21. Rxc8+ Qxc8 22. Qf4 Qd8
23. Bd6 Qg5 24. Qxg5 hxg5 25. e5 f5 $14 {Dreev,A-Onischuk,A/Cap d'Agde 2002})
15. Bg3 {It is a normal move.} (15. Qd2 $6 {is not really working.} Bg4 16. e5
Qe7 17. Be4 Bxf3 18. Bxf3 Nxe5 19. Bxe5 Qxe5 20. Bxb7 Rad8 21. Qd3 Bc7 22. g3
Rb8 $17) 15... Bg4 16. Nd2 {'?!' Dautov. Dautov: 'Dies bereitet Schwarz keine
Schwierigkeiten. Allein nach 16.e5! konnte Weiß um Eröffnungsvorteil kämpfen.'}
(16. e5 $1 {Dautov} Qe6 (16... Qe7 17. Qe2 Bxf3 18. gxf3 $1 (18. Qxf3 Nxe5 19.
Qe4 (19. Bxe5 Qxe5 20. Qxb7 Rab8 $11)) 18... f5 $5 19. f4 $14) 17. Qe2 Bxf3 (
17... Bf5 18. Bc4 Qe7 19. Nh4 Be6 20. Bd3 $14) 18. gxf3 $13) 16... Rac8 {
'!' Dautov. This is the most critical position for this game.} 17. Qb1 {
I wanted my queen along my own lines. However black has equalised very easily
after that.} ({I do not believe that} 17. Qa4 {provides white with any
advantage neither.} Bd7 (17... Ne5 {'=' Dautov. Dautov: 'führt zu der Partie
Dreev-Short (s.14...Bg4).'} 18. Bxe5 Qxe5 19. Nc4 {'?!' Dautov.} Qf4 {'=!'
Dautov. Dautov: 'Dreev,A-Short,N/Hyderabad 2002' Dreev-Short , Hyderabad 2002.}
20. Nxb6 axb6 21. Rae1 Qd2 $1 (21... Bf3 $2 22. gxf3 Qxf3 (22... Rc5 23. e5 $18
) (22... Rc6 23. Qd1 $18) 23. Qd1 $16) 22. Qb3 Be6 23. Qb5 Rfd8 (23... Rc5 24.
Qxb6 Rg5 25. Qxd4 Bh3 26. Qe3 Qxe3 27. Rxe3 Bxg2 28. h4 Bxf1+ 29. hxg5 Bxd3 30.
Rxd3 hxg5 31. Rd7 $16) 24. Re2 $14) 18. Nc4 (18. f4 $2 Ne5) 18... Bc7 19. Bxc7
Rxc7 20. f4 Qe7 (20... Ne5 21. Qa5 Rxc4 22. fxe5 Ra4 23. Qd5 $14) 21. Qd1 Be6
22. Nd2 f6 $11) 17... Ne5 $1 {I have thought that this was impossible but
tactics work in blacks way to equalize.} 18. Bxe5 (18. f3 $6 Nxd3 19. Qxd3 (19.
fxg4 $2 Qg5 20. Qxd3 Qe3+ 21. Qxe3 dxe3 22. Nf3 e2+ 23. Rf2 Rfd8 $1 (23... Rc2
$2 24. Re1 Rxb2 25. Be5 $16) 24. Re1 Rd1 25. Bf4 $1 Rxe1+ 26. Nxe1 Rd8 27. Be5
Rd1 28. Bc3 Bd4 $1 $19) 19... Be6 $17) 18... Qxe5 19. Nc4 Qe6 $1 {This does
not allow white to kick Bg4 to a worst square. Dautov: 'Solide gespielt, aber
19...Qf4 war zumindest nicht schlechter.'} (19... Qf4 {Dautov} 20. g3 (20. Qc1
Bc7 21. Qxf4 Bxf4 22. g3 Bc7 23. f4 $11) (20. f3 $2 Rxc4 $1 21. Bxc4 d3+ 22.
Kh1 Bc7 $19) (20. Nxb6 axb6 21. Qe1 $2 Bf3 $1 22. gxf3 Rc5 $19) 20... Qf6 $11)
20. Nxb6 $8 {After this forced one the game gets equal.} (20. h3 $2 Bxh3 21.
gxh3 Qxh3 22. Qd1 Bc7 23. e5 b5 24. Nd6 Bxd6 25. exd6 Rc5 $19) (20. f3 $2 Rxc4
{'!?' Dautov.} (20... Bh5 {Dautov}) 21. Bxc4 Qxc4 22. fxg4 d3+ 23. Kh1 Qxe4 24.
Rf3 (24. Qd1 {Dautov} Rd8 $44) 24... Rd8 25. Qf1 d2 $17) 20... Qxb6 21. f3 Be6
$11 {After this black has nothing to worry about. Dautov: 'Die Stellung ist
ausgeglichen, und das Gleichgewicht wird bis zum Schluß der Partie ungestört
bleiben..'} 22. Rf2 Rc5 23. Qd1 Bb3 24. Qd2 a5 ({Maybe he got worried about} 
24... Rfc8 25. Qb4 (25. g3 Bc2 26. Rc1 Bxd3 27. Rxc5 Qxc5 28. Qxd3 $11) 25...
Rc1+ 26. Rf1 Rxf1+ 27. Rxf1 Qxb4 28. axb4 a6 29. Kf2 Kf8 30. Ra1 Ke7 31. Ke2
Kd6 32. Ra5 Rc1 33. b5) 25. g3 Rfc8 26. Kg2 Bc4 $1 {Well timed, before I pull
first Ra1 somewhere like e1 then play Bd3-b1 he forced the exchange.} 27. Rd1 (
27. Rc1 Bxd3 28. Rxc5 Bf1+ $1 29. Kxf1 Qxc5 30. Qd3 $11) 27... Bxd3 {He
rightfully rushes the exchange.} (27... Qb3 28. Bb1 $1 (28. Bxc4 Rxc4 29. Qd3
$11) 28... Rd8 29. Rc1 b6 $13) 28. Qxd3 Rd8 29. Rdd2 Rb5 {Now white has to be
careful not to allow black with Rb3, d4-d3.} 30. Qc2 Rc5 31. Qd1 Rb5 32. Qb1 d3
$1 {Just in time. He prevents me from consolidating with Rd3, Rfd2.} 33. Rxd3
Rxd3 34. Qxd3 Rxb2 {Noone is better in such an ending.} (34... Rxb2 35. Rxb2
Qxb2+ 36. Kh3 b6 37. a4 Qb4 38. Qd7 g6 39. e5 Qc4 $11) 1/2-1/2

[Event "SRB-chT"]
[Site "Ruma"]
[Date "2017.09.04"]
[Round "4.1"]
[White "Atalik, Suat"]
[Black "Lupulescu, Constantin"]
[Result "1/2-1/2"]
[WhiteElo "2537"]
[BlackElo "2630"]
[Annotator "Atalik,S"]
[PlyCount "52"]
[EventDate "2017.09.01"]
[EventType "team-tourn"]
[EventRounds "11"]
[EventCountry "SRB"]
[SourceTitle "CBM 181"]
[Source "ChessBase"]
[SourceDate "2017.11.10"]
[SourceVersion "1"]
[SourceVersionDate "2017.11.10"]
[SourceQuality "1"]
[WhiteTeam "Paracin OSK"]
[BlackTeam "Valjevo Sveti Nikolaj"]
[WhiteTeamCountry "SRB"]
[BlackTeamCountry "SRB"]

1. d4 Nf6 2. c4 e6 3. Nf3 d5 4. Nc3 a6 5. cxd5 exd5 6. Bg5 (6. Qb3 b5 $5 {
I like this crazy looking move for Black.} (6... c6 7. Bg5 Be7 8. e3 Nbd7 9.
Bd3 O-O 10. Qc2 Re8 11. O-O Nf8 {is a regular Karlsbad.})) 6... Be6 7. h3 {
Volkov.} ({The idea is similar to} 7. e3 Nbd7 8. Bd3 Bd6 (8... h6 9. Bh4 g5 10.
Bg3 Nh5 11. Be5 Ng7 12. h3 Nxe5 13. Nxe5 Bd6 14. O-O c6) 9. Bf4 $5 (9. O-O c6 (
9... O-O 10. Bf4) 10. Bf4 Qc7)) 7... Bd6 8. e3 Nbd7 9. Bd3 c6 10. O-O Qc7 11.
Qd2 (11. Nh4 h6 12. Bxf6 Nxf6 13. f4 O-O-O $1) 11... O-O 12. Rfe1 $5 $146 (12.
Bf4 Rfe8) 12... Rfe8 13. Rac1 Rac8 (13... Nh5 14. e4) 14. Bf4 g6 $5 (14... Qb8
15. Bh2 $5 g6) 15. Bxd6 (15. Bh2) 15... Qxd6 16. Bb1 $5 (16. b4 $6 Qxb4 17. Rb1
Qd6 18. Rxb7 c5 $40) 16... Kg7 17. b3 $1 {Activating the a1-h8 diagonal.} Kg8
$5 (17... Qa3 $5 18. Ne5) 18. Rcd1 Rcd8 19. Nh2 $5 {White is ready to mobilise
his f-pawn.} (19. Ng5 $5 h6 20. Nf3) 19... Nh5 20. Nf1 f6 (20... f5 $5 21. Ne2)
(20... Ng7 21. f3) 21. f3 Bf7 22. g4 (22. e4 $6 dxe4 23. fxe4 c5 $1 24. d5 Ne5
25. Ne3 b5 $36) 22... Ng7 23. Qh2 Qb4 24. Qd2 (24. Ne2) 24... Qd6 (24... Kh8
25. Ng3 {and the queen is misplaced.}) 25. Qh2 Qb4 26. Qd2 Qd6 1/2-1/2

[Event "Veliko Gradiste Silver Lake op"]
[Site "Veliko Gradiste"]
[Date "2018.06.24"]
[Round "9"]
[White "Atalik, Suat"]
[Black "Cvitan, Ognjen"]
[Result "1/2-1/2"]
[WhiteElo "2512"]
[BlackElo "2492"]
[Annotator "Atalik,S"]
[PlyCount "35"]
[EventDate "2018.06.17"]
[EventType "swiss"]
[EventRounds "9"]
[EventCountry "SRB"]
[SourceTitle "CBM 186"]
[Source "ChessBase"]
[SourceDate "2018.09.14"]
[SourceVersion "1"]
[SourceVersionDate "2018.09.14"]
[SourceQuality "1"]

1. d4 Nf6 2. c4 e6 3. Nf3 d5 4. Nc3 Be7 5. Bf4 O-O 6. e3 c5 (6... Nbd7 {
is continuing to be the main problem.} 7. a3 c5 8. cxd5 Nxd5 9. Nxd5 exd5 10.
dxc5 Nxc5 11. Be5 $14 {is really small.}) 7. dxc5 Bxc5 8. a3 Nc6 9. Qc2 Qa5 10.
Rd1 Re8 $5 {Korchnoi-Karpov, Baguio City rerevisited.} 11. Nd2 e5 12. Bg5 Nd4
13. Qc1 (13. Qa4 Qxa4 14. Nxa4 Nc2+ 15. Ke2 Nd4+ 16. Ke1 Nc2+ $11) 13... Bf5
14. Bxf6 Nc2+ 15. Ke2 Nd4+ 16. Ke1 Nc2+ 17. Ke2 Nd4+ 18. Ke1 1/2-1/2

[Event "EU-ch 2nd"]
[Site "Ohrid"]
[Date "2001.06.04"]
[Round "4"]
[White "Atalik, Suat"]
[Black "Short, Nigel D"]
[Result "1/2-1/2"]
[WhiteElo "2537"]
[BlackElo "2676"]
[Annotator "Atalik,S"]
[PlyCount "77"]
[EventDate "2001.06.01"]
[EventType "swiss"]
[EventRounds "13"]
[EventCountry "YUG"]
[SourceTitle "CBM 084"]
[Source "ChessBase"]
[SourceDate "2001.09.13"]
[SourceVersion "1"]
[SourceVersionDate "2001.09.13"]
[SourceQuality "1"]

1. d4 e6 2. Nf3 Nf6 3. c4 d5 4. Nc3 Be7 5. Bf4 O-O 6. e3 c5 7. dxc5 Bxc5 8.
cxd5 Nxd5 9. Nxd5 exd5 10. a3 Nc6 11. Bd3 Bb6 12. O-O Bg4 (12... d4 13. e4 Bg4
14. h3 Bxf3 $5 15. Qxf3 Bc7 16. Rac1 Bxf4 17. Qxf4 Qe7 (17... Qb6 18. b4) 18.
Rfd1 Rad8 19. Bc4 $14 {White has the better piece.}) 13. h3 Bh5 14. b4 a6 $5 (
14... d4 15. g4 (15. b5 $6 Na5 16. g4 Bg6 17. Bxg6 fxg6 $15) 15... Bg6 16. e4
$13 {is one of the critical positions for 5.Bf4 line in Queens Gambit Declined.
}) 15. Rc1 Re8 16. Bxa6 $5 {Dreev's amazing novelty in Sarajevo 2001.I was
lucky to be in that tournament for many reasons.} Rxa6 17. b5 Rxa3 18. bxc6
bxc6 (18... Bxf3 $5 19. Qxf3 (19. gxf3 $6 bxc6 20. Rxc6 Re6 21. Qc1 Rxc6 22.
Qxc6 Ra8 23. Rb1 Ba5 24. Rd1 Rc8 25. Qxd5 Bc7 $1 $11 {is a transposition to
Dreev-Ki.Georgiev ,Sarajevo 2001.}) 19... bxc6 20. Rxc6 Re6 21. Rxe6 fxe6 22.
Be5 $1 (22. Qg4 Qf6 23. Bg5 Qf7 24. Qb4 Qa7 25. Qd6 Kf7 26. Qf4+ $1 Kg8 27. Qe5
Kf7 28. Rc1 Qd7 $14) 22... Qg5 23. Bd6 Ra8 24. Rb1 Ba5 25. Ra1 $1 (25. Rb7 Qf6)
25... Qd8 26. Be5 $16 {Black's pieces are very awkwardly placed.}) 19. Rxc6 Re6
$2 {Since Nigel did not notice the above mentioned game he commits the same
mistake Kiril fell for.} ({Later an improvement came in the same tournament,
which casted doubt if white could get any advantage with16.Ba6.} 19... Ra7 $1
20. Qb3 Bxf3 21. gxf3 (21. Rxb6 Be2 22. Rb8 Qd7 23. Rb1 Bc4 24. Rxe8+ Qxe8 25.
Qb8 Ra8 $11) 21... Bc7 22. Rxc7 Rxc7 23. Bxc7 Qxc7 24. Qxd5 Qe5 $11 {
Malahatko-Pigusov,Ohrid 2001.}) 20. Rxe6 $1 $146 fxe6 21. Qc1 Qa8 $2 (21... Ra6
22. Qc6 Qe8 23. Rc1 Qxc6 24. Rxc6 Bxf3 25. gxf3 d4 26. e4 $1 {Actually this is
only move to keep chaces to win.} (26. Kg2 $2 e5 27. Bxe5 dxe3 28. fxe3 Ra2+
29. Kg3 Bxe3 30. Rc8+ Kf7 31. Rc7+ Ke6 32. Bxg7 Kf5 $11) 26... d3 27. Kg2 (27.
Rxe6 $2 Bxf2+) 27... Kf7 28. Rd6 Be3 29. Rxa6 d2 30. Ra7+ Kf6 31. Rd7 Bxf4 32.
Kf1 g5 33. Ke2 h6 (33... h5 34. Rxd2 Bxd2 35. Kxd2 $18) 34. Rxd2 Bxd2 35. Kxd2
Ke5 36. Ke3 h5 37. h4 $1 (37. f4+ $4 gxf4+ 38. Kf3 h4 $19) 37... gxh4 38. f4+
Kf6 39. Kf3 $18) 22. Qb2 $4 (22. Ng5 $1 {wins right away.} h6 (22... e5 23.
Bxe5 Ra6 24. Qb1 Bg6 25. Qb5 $18) (22... Be2 23. Qb1 $1 Bd3 24. Qxb6 Ra6 25.
Qc7 Bxf1 26. Qf7+ Kh8 27. Be5 Qg8 28. Qb7 $18) 23. Nxe6 Ra7 $18) 22... Bxf3 $1
23. Qxb6 Ra6 24. Qc7 Be4 25. Be5 Ra7 26. Qb6 Ra6 27. Qb5 Ra7 $11 {Black still
has to be careful but the worst for him is already behind.} 28. Rc1 h6 29. f3
Bg6 30. Qb6 Re7 31. Ra1 Qc8 32. Qd6 Qd7 33. Ra8+ Kh7 34. Qb8 Qe8 35. Qb4 (35.
Qxe8 Bxe8 36. Bd6 Rd7 $11) 35... Qxa8 36. Qxe7 Qg8 37. h4 Qf7 38. Qxf7 Bxf7 39.
g4 1/2-1/2

[Event "YUG-ch 57th"]
[Site "Banja Koviljaca"]
[Date "2002.03.18"]
[Round "3"]
[White "Antic, Dejan"]
[Black "Abramovic, Bosko"]
[Result "0-1"]
[WhiteElo "2470"]
[BlackElo "2524"]
[Annotator "Atlas,V"]
[PlyCount "68"]
[EventDate "2002.03.16"]
[EventType "tourn"]
[EventRounds "13"]
[EventCountry "YUG"]
[EventCategory "10"]
[SourceTitle "CBM 089"]
[Source "ChessBase"]
[SourceDate "2002.08.12"]
[SourceVersion "1"]
[SourceVersionDate "2002.08.12"]
[SourceQuality "1"]

1. d4 d5 2. c4 e6 3. Nf3 Nf6 4. Nc3 Be7 5. Bf4 O-O 6. e3 c5 7. dxc5 Bxc5 8. a3
Nc6 9. Qc2 Be7 10. O-O-O Bd7 11. cxd5 exd5 12. Kb1 Rc8 13. Bd3 Be6 14. Ng5 h6
15. Nxe6 fxe6 16. g4 d4 17. Bc4 Nd5 18. Nxd5 exd5 19. Ba2 Kh8 20. Qb3 Bg5 21.
Bg3 dxe3 22. Rxd5 Qe7 23. f3 Rxf3 24. Qd3 e2 $1 {[%csl Re1][%cal Ge2e1,Ge7e1]
This efficient pawn thrust is the most elegant way to conclude the game.} 25.
Qxf3 {[%tqu "En","How would you justify Black's rook sacrifice on a previous
move?","Use the weakness of White's back rank.","Bring your rook into play!",
"c6d4","Excellent! This beautiful knight sacrifice brings Black's rook into
play with decisive effect.",7]} Nd4 $3 {[%csl Rc1][%cal Gc8c1,Gg5c1] This
amazing knight move justifies Black's rook sacrifice. Black effectively
exploits the weakness of White's back rank.} 26. Rxd4 {[%tqu "En","How should
Black continue?","Exploit the bad position of the enemy king and weakness of
White's back rank.","Try to eliminate the last defender of White's back rank.",
"e2e1Q","That's it. Now Black's advantage becomes decisive.",5]} e1=Q+ $1 {
An impressive conclusion of Black's combination. Now White is defenseless.} 27.
Qd1 ({The only move.} 27. Rxe1 {is refuted by} Qxe1+ 28. Bxe1 Rc1#) (27. Rd1
Q1e4+ {is hopeless for White.}) 27... Qxd1+ 28. Rhxd1 Bf6 29. Rc4 Rxc4 30. Bxc4
Qe4+ 31. Bd3 Qxg4 32. Re1 g5 33. Be4 Qd7 34. Bf2 Qd2 0-1

[Event "Bundesliga 9293"]
[Site "Germany"]
[Date "1992.??.??"]
[Round "?.2"]
[White "Bangiev, Alexander J"]
[Black "Jussupow, Artur"]
[Result "1/2-1/2"]
[WhiteElo "2385"]
[BlackElo "2630"]
[Annotator "Bangiev,A"]
[PlyCount "62"]
[EventDate "1992.10.24"]
[EventType "team-tourn"]
[EventRounds "15"]
[EventCountry "GER"]
[SourceTitle "CBM 038"]
[Source "ChessBase"]
[SourceDate "1994.02.01"]
[SourceVersion "1"]
[SourceVersionDate "1994.02.01"]
[SourceQuality "1"]
[WhiteTeam "Bielefeld"]
[BlackTeam "Bayern Muenchen"]
[WhiteTeamCountry "GER"]
[BlackTeamCountry "GER"]

1. d4 d5 2. c4 e6 3. Nc3 Be7 4. Nf3 Nf6 5. Bf4 O-O 6. e3 c5 7. dxc5 Bxc5 8. Qc2
Nc6 9. a3 Bd7 10. cxd5 exd5 11. Rd1 (11. Be2 d4 $1 $10) 11... Rc8 (11... Be6
12. Be2 h6 13. O-O Qe7 14. Na4 $14) 12. Be2 (12. Nxd5 $2 Nxd5 13. Rxd5 Nb4 $1
$17) 12... Be6 13. O-O Qe7 (13... Be7 14. Ng5 $14) (13... h6 14. Nxd5 $16) 14.
Bg5 $5 Rfd8 15. Qa4 {/\ Rd1-d2,Rf1-d1; Qa4-h4-> d5} (15. Rd2 h6 16. Bxf6 (16.
Bh4 g5 17. Bg3 d4 $13) 16... Qxf6 17. Rfd1 Ne7 $13) 15... h6 16. Bh4 a6 (16...
g5 $5 17. Bg3 Bf5 $5) 17. Rd2 g5 $8 18. Bg3 (18. Nxg5 $6 hxg5 19. Bxg5 Kg7 $17)
18... Bf5 19. Rfd1 Be4 (19... Qe6 $5 20. b4 Ba7 (20... Be7 21. Qb3 $14) 21. b5
$1 $14) 20. Nxe4 dxe4 21. Rxd8+ Rxd8 22. Nd2 $5 Bd6 23. Bxd6 Rxd6 24. Qc2 Qe6
25. Nb3 (25. Nc4 Rxd1+ 26. Qxd1 Nd5 $10) 25... Rxd1+ 26. Qxd1 Nd7 $5 27. Qc2 (
27. Nd4 Nxd4 28. Qxd4 Nf6 29. Bc4 Qe7 $14) 27... Kg7 28. Qc3+ Qf6 29. Qd2 Qe6
30. Qc3+ Qf6 31. Qd2 Qe6 1/2-1/2

[Event "YUG-chT"]
[Site "Vrnjacka Banja"]
[Date "1998.??.??"]
[Round "6"]
[White "Beliavsky, Alexander G"]
[Black "Goldin, Alexander"]
[Result "1-0"]
[WhiteElo "2645"]
[BlackElo "2570"]
[Annotator "Beliavsky,A"]
[PlyCount "119"]
[EventDate "1998.08.??"]
[EventType "team"]
[EventRounds "11"]
[EventCountry "YUG"]
[SourceTitle "CBM 067"]
[Source "ChessBase"]
[SourceDate "1998.11.30"]
[SourceVersion "2"]
[SourceVersionDate "1998.11.01"]
[SourceQuality "1"]

1. Nf3 d5 2. d4 Nf6 3. c4 e6 4. Nc3 Be7 5. Bf4 O-O 6. e3 c5 7. dxc5 Bxc5 8. a3
Nc6 9. Qc2 Qa5 10. O-O-O Be7 11. Nd2 (11. g4 dxc4 12. Bxc4 e5 13. g5 exf4 14.
gxf6 Bxf6 15. Nd5 Ne7 16. Nxf6+ gxf6 17. Rhg1+ Kh8 18. Qe4 Ng6 19. Qd4 Qb6 20.
Qxb6 axb6 21. Rd6 Bh3 22. Kb1 fxe3 23. fxe3 Rac8 24. Bd5 Rcd8 25. Rxd8 Rxd8 26.
Bxf7 Bf5+ 27. Ka2 Be4 $11 {Beliavsky,A-Yusupov,A Dortmund 98.}) 11... e5 (11...
Qb6 12. Bd3 d4 13. Na4 Qa5 14. c5 e5 15. Nc4 Qc7 16. Bg3 dxe3 17. fxe3 Bg4 18.
Rd2 Rad8 19. h3 Be6 20. Rhd1 g6 21. Kb1 Rxd3 $2 (21... Nh5 22. Bh2 Bg5 $132)
22. Rxd3 Bf5 23. Nd6 Bxd6 24. cxd6 $16 {Kempinski,R-Beliavsky,A Koszalin,98.})
12. Bg5 d4 13. Nb3 Qb6 14. exd4 Nxd4 15. Nxd4 exd4 16. Bxf6 Bxf6 17. Nd5 Qd8
18. Qe4 Be6 19. Nxf6+ Qxf6 20. Qxd4 Qg5+ 21. f4 Qa5 22. Be2 Rac8 23. Kb1 Qa4 $6
(23... Rfd8 24. Qe3 Re8 25. Qd2 Qa4 $11) 24. Rc1 b5 25. Qd1 $1 $16 Qa5 (25...
Qxd1 26. Rhxd1 bxc4 27. Rd4 $16) 26. cxb5 Rcd8 27. Qe1 Qa4 (27... Rd2 28. Rd1
Bf5+ (28... Rfd8 29. Rxd2 Rxd2 30. Kc1 $18) 29. Ka1 Rfd8 30. Rxd2 Rxd2 31. Bd3
$16) 28. Qb4 Qxb4 29. axb4 Rd4 30. Rhf1 (30. g3 $142 Rxb4 31. Rc5 Rd8 32. Rd1
$16) 30... Rxb4 31. f5 $2 (31. Rc5 $16) 31... Bd5 32. Rc5 (32. Rf2 Be4+ 33. Ka2
Bd5+ $11) 32... Bxg2 33. Rg1 Be4+ 34. Ka2 Rd4 35. f6 Bg6 36. fxg7 Re8 37. Bc4
Kxg7 $6 (37... Re7 $142 38. Rg2 Kxg7 39. b3 Kh6 40. Ka3 f5 $13) 38. Rc7 Rf4 39.
b3 $16 Ra8 40. Ka3 Kh6 41. Kb4 (41. Ra1 $142 f5 42. Kb4 Rb8 43. Rcxa7 (43.
Raxa7 Re4 44. Re7 f4 45. Kc5 f3 46. Rxe4 Bxe4 $132) 43... Re4 44. Ra8 Rxa8 45.
Rxa8 f4 46. b6 Re7 47. Bd5 $18) 41... a5+ (41... f5 42. Ka5) 42. Ka4 Rf2 43. b6
Rb8 44. Rc6 Rf5 45. Rd1 (45. Rf1 $142 $18) 45... f6 46. Rf1 $1 Rh5 (46... Rxf1
47. Bxf1 Be8 48. Kb5 Rc8 (48... Bxc6+ 49. Kxc6 Rc8+ 50. Kb5 Rc3 51. Bc4 $18)
49. Bg2 Rd8 50. b7 Rd4 51. Kxa5 $18) 47. Rcxf6 Rxh2 48. Kb5 Rd2 49. Rg1 $18 Rd7
50. Kxa5 Kh5 51. Rc6 Rd2 52. Rc7 Be4 53. Re7 Bg6 54. b7 Rd6 55. Kb5 Rf8 56. Kc5
Rdf6 {1:0} 57. Bd5 Rd8 58. Re5+ Kh6 59. Ra1 Rff8 60. Ra8 1-0